| 000 | 00640nam a22001697a 4500 | ||
|---|---|---|---|
| 003 | MACL | ||
| 005 | 20160226155305.0 | ||
| 008 | 160226b xxu||||| |||| 00| 0 eng d | ||
| 040 | _cMACL | ||
| 041 | _aHindi | ||
| 082 | _a800 | ||
| 100 |
_aडॉ शकुन्तला शर्मा _940731 |
||
| 245 |
_aपुष्टिमार्गीय वचनामृत साहित्य _bतात्विक विवेचन एवं अनुसाधन |
||
| 260 |
_aनई दिल्ली _bऋषभचरण जैन एवं सन्तति |
||
| 650 |
_aLiteracture _939932 |
||
| 942 |
_2ddc _cHIN |
||
| 999 |
_c53394 _d53394 |
||